Normal view MARC view
  • David E. Goldberg

Entry Personal Name

Number of records used in: 4

001 - CONTROL NUMBER

  • control field: 10551

003 - CONTROL NUMBER IDENTIFIER

  • control field: NUST

005 - DATE AND TIME OF LATEST TRANSACTION

  • control field: 20180528082802.0

008 - FIXED-LENGTH DATA ELEMENTS

  • fixed length control field: 180528|| aca||aabn | a|a d

040 ## - CATALOGING SOURCE

  • Original cataloging agency: NUST
  • Transcribing agency: NUST

100 ## - HEADING--PERSONAL NAME

  • Personal name: David E. Goldberg

670 ## - SOURCE DATA FOUND

  • Source citation: Work cat.: (NUST): David E. Goldberg, Genetic Algorithms, 1989
© 2023 Central Library, National University of Sciences and Technology. All Rights Reserved.